Countries Most Similar To Ukraine - Statistics

General Stats
  • This quiz has been taken 238 times
  • The average score is 16 of 20
Answer Stats
Rank Country Score % Correct
2 Russia 78.6
98%
1 Belarus 82.7
97%
10 Poland 74.5
95%
5 Romania 76.6
94%
6 Slovakia 75.9
93%
3 Moldova 78.3
89%
4 Bulgaria 76.8
85%
11 Latvia 73.5
83%
8 Lithuania 75.7
82%
6 Serbia 75.9
82%
19 Czech Republic 70.9
80%
17 Estonia 71.6
79%
9 Hungary 74.7
77%
15 Slovenia 71.8
77%
12 Croatia 73.4
76%
20 Georgia 70.5
68%
16 Kazakhstan 71.7
66%
18 Bosnia and Herzegovina 71.4
63%
14 North Macedonia 72.3
62%
13 Montenegro 73.2
54%
No matching quizzes found
Score Distribution
Percent of People with Each Score
Percentile by Number Answered
Your Score History
You have not taken this quiz